MESTSKÁ KNIŽNICA GIRALTOVCE  - online katalóg 

Normal view MARC view

Entry Personal Name

Number of records used in: 3

001 - CONTROL NUMBER

  • control field: 2133

003 - CONTROL NUMBER IDENTIFIER

  • control field: OSt

005 - DATE AND TIME OF LATEST TRANSACTION

  • control field: 20211014110550.0

008 - FIXED-LENGTH DATA ELEMENTS

  • fixed length control field: 211014|| aca||aabn | a|a d

040 ## - CATALOGING SOURCE

  • Original cataloging agency: OSt
  • Transcribing agency: OSt

100 ## - HEADING--PERSONAL NAME

  • Personal name: Dahl, Alex,
  • Dates associated with a name: 1982-

670 ## - SOURCE DATA FOUND

  • Source citation: Work cat.: (OSt)0: Dahl, Alex, 1982- aut, Chlapec pri dverách

Powered by Koha